| 000 | 00819nam a22002297a 4500 | ||
|---|---|---|---|
| 999 |
_c18656 _d18656 |
||
| 003 | AR-CdUCM | ||
| 008 | 190514b ||||| |||| 00| 0 spa d | ||
| 040 |
_aMUNICIPALIDAD PROVINCIAL DEL CUSCO _cBIBLIOTECA MUNICIPAL DEL CUSCO |
||
| 041 | _hger | ||
| 082 |
_a624.177 / _bS98 |
||
| 100 |
_aSwida, W. _939376 |
||
| 245 |
_aEstática de arcos y bóvedas : _bteoría del arco simple / |
||
| 260 |
_aMadrid : _bDossat, _c1963. |
||
| 300 |
_a192 páginas ; _bLaminas, _c25 cm. |
||
| 505 | _aContenido: La linea de presiones -- El arco triarticulado -- El arco de dos articulaciones -- El arco empotrado ... | ||
| 650 |
_aConstrucción gráfica _939377 |
||
| 650 |
_aArcos _939378 |
||
| 650 |
_aBóvedas _939379 |
||
| 700 |
_aPlacencia Valero, Job (traductor) _939380 |
||
| 942 |
_2ddc _cFOLLETOS |
||
| 945 |
_aacv _d2019-05-14 |
||